000
00177nam a2200073Ia 4500
008
170817s9999 xx 000 0 und d
100
_a
Bharati.T.
245
0
_a
Personality Development
260
_b
Neel Kamal Pub
999
_c
38236
_d
38236